[Event "21st Clare Benedict Cup"]
[Site "Cala Galdana"]
[Date "1974.05.04"]
[Round "1.1"]
[White "Hamann, Svend "]
[Black "Hecht, Hans Joachim"]
[Result "0-1"]
[WhiteElo "2490"]
[BlackElo "2515"]
[PlyCount "114"]
[EventDate "1974.05.03"]
[EventType "team-tourn"]
[EventRounds "7"]
[EventCountry "ESP"]
[WhiteTeam "Danmark"]
[BlackTeam "Vesttyskland"]
[WhiteTeamCountry "DEN"]
[BlackTeamCountry "GER"]

1. e4 e6 2. d4 d5 3. Nd2 Nf6 4. e5 Nfd7 5. Bd3 c5 6. c3 Nc6 7. Ne2 cxd4 8. cxd4
Nb6 9. O-O Bd7 10. f4 g6 11. Nf3 h5 12. g3 Nb4 13. Bb1 a5 14. Nc3 a4 15. h3 Bc6
16. g4 hxg4 17. hxg4 Qd7 18. Rf2 O-O-O 19. b3 Be7 20. Rh2 Rxh2 21. Kxh2 Kb8 22.
Ne2 Bb5 23. Nc3 Bc6 24. Be3 Rh8+ 25. Kg2 Qe8 26. a3 Na6 27. Bd3 Nc7 28. b4 Nc4
29. Qe2 Qg8 30. Nd1 Nb5 31. Bxc4 dxc4 32. Nf2 g5 33. Qxc4 gxf4 34. Bxf4 Bh4 35.
Bg3 Bxg3 36. Kxg3 Qg6 37. Qe2 Nc3 38. Qe3 Qc2 39. Re1 Bb5 40. Ng1 Nd5 41. Qg5
Rc8 42. Nf3 Be2 43. Qd2 Bxf3 44. Qxc2 Rxc2 45. Kxf3 Rc3+ 46. Ke4 Rxa3 47. Nd3
Rb3 48. Nc5 Rg3 49. Nxa4 Rxg4+ 50. Kd3 Nxb4+ 51. Kc3 Nc6 52. Rf1 Nxe5 53. Rf6
Rg3+ 54. Kc2 Nc6 55. Rxf7 Nxd4+ 56. Kd2 Nb3+ 57. Kc2 Nd4+ 0-1

[Event "21st Clare Benedict Cup"]
[Site "Cala Galdana"]
[Date "1974.05.05"]
[Round "2.1"]
[White "Ornstein, Axel "]
[Black "Hamann, Svend "]
[Result "1-0"]
[WhiteElo "2430"]
[BlackElo "2490"]
[PlyCount "71"]
[EventDate "1974.05.03"]
[EventType "team-tourn"]
[EventRounds "7"]
[EventCountry "ESP"]
[WhiteTeam "Sverige"]
[BlackTeam "Danmark"]
[WhiteTeamCountry "SWE"]
[BlackTeamCountry "DEN"]

1. d4 d5 2. c4 c6 3. Nf3 Nf6 4. Nc3 e6 5. Bg5 dxc4 6. e4 b5 7. e5 h6 8. Bh4 g5
9. exf6 gxh4 10. Ne5 Qxf6 11. Be2 Nd7 12. Nxc6 Bb7 13. Bf3 a6 14. O-O Bg7 15.
g3 Bxc6 16. Bxc6 Rd8 17. Ne4 Qxd4 18. Qg4 h5 19. Qxh4 Qb6 20. Rad1 Qc7 21. Nd6+
Kf8 22. Nb7 Bf6 23. Rxd7 Rxd7 24. Qxf6 Qxc6 25. Qxh8+ Ke7 26. Na5 Qf3 27. h4
Rd2 28. Qe5 Rd5 29. Qc7+ Kf6 30. Nc6 Kg7 31. Ne7 Rd2 32. Qb8 Kf6 33. Qf8 Rd7
34. Re1 Qg4 35. Ng8+ Kg6 36. Qh6+ 1-0

[Event "21st Clare Benedict Cup"]
[Site "Cala Galdana"]
[Date "1974.05.05"]
[Round "2.2"]
[White "Sloth, Jorn "]
[Black "Jansson, Boerje "]
[Result "1-0"]
[WhiteElo "2380"]
[BlackElo "2380"]
[PlyCount "76"]
[EventDate "1974.05.03"]
[EventType "team-tourn"]
[EventRounds "7"]
[EventCountry "ESP"]
[WhiteTeam "Danmark"]
[BlackTeam "Sverige"]
[WhiteTeamCountry "DEN"]
[BlackTeamCountry "SWE"]

1. Nf3 g6 2. g3 Bg7 3. d4 c5 4. Bg2 cxd4 5. Nxd4 Nc6 6. Nb3 Nf6 7. Nc3 O-O 8.
O-O d6 9. h3 Be6 10. e4 a5 11. a4 Nb4 12. Be3 Nd7 13. Nd4 Bc4 14. Re1 Nb6 15.
b3 Ba6 16. Nd5 N6xd5 17. exd5 Qc7 18. c4 Rae8 19. Rc1 Na2 20. Rc2 Nb4 21. Rc1
Na2 22. Ra1 Nb4 23. Qd2 b6 24. Rac1 Bb7 25. Bh6 Bxh6 26. Qxh6 e5 27. dxe6 Bxg2
28. Kxg2 Nd3 29. e7 Nxe1+ 30. Rxe1 Rxe7 31. Nf5 Qc6+ 32. Kh2 gxf5 33. Qg5+ Kh8
34. Qf6+ Kg8 35. Qg5+ Kh8 36. Qf6+ Kg8 37. Qxe7 Qc8 38. Qxd6 Qd8 1-0

[Event "21st Clare Benedict Cup"]
[Site "Cala Galdana"]
[Date "1974.05.06"]
[Round "3.1"]
[White "Hamann, Svend "]
[Black "Hartston, William Roland "]
[Result "1-0"]
[WhiteElo "2490"]
[BlackElo "2480"]
[PlyCount "81"]
[EventDate "1974.05.03"]
[EventType "team-tourn"]
[EventRounds "7"]
[EventCountry "ESP"]
[WhiteTeam "Danmark"]
[BlackTeam "England"]
[WhiteTeamCountry "DEN"]
[BlackTeamCountry "ENG"]

1. e4 c5 2. Nf3 e6 3. d4 cxd4 4. Nxd4 Nc6 5. Nc3 a6 6. g3 Qc7 7. Bg2 Bc5 8.
Nxc6 bxc6 9. Qg4 g6 10. O-O a5 11. Na4 Bd4 12. c3 Bg7 13. Be3 d6 14. Rfd1 Nf6
15. Qe2 O-O 16. e5 dxe5 17. Bc5 Ba6 18. c4 Rfd8 19. Rxd8+ Qxd8 20. Bxc6 Rb8 21.
b3 Qc7 22. Bb5 Nd7 23. Be3 Bc8 24. Rd1 f5 25. c5 f4 26. c6 Nf6 27. Bd2 Nd5 28.
Nc3 f3 29. Qc4 Qf7 30. a4 Bf8 31. Re1 Bd6 32. Ne4 Bc7 33. Ng5 Qf5 34. Qe4 Nf6
35. Qxf5 gxf5 36. Bc3 Nd5 37. Bxe5 Bxe5 38. Rxe5 Kg7 39. Nxe6+ Bxe6 40. Rxe6
Rd8 41. Re1 1-0

[Event "21st Clare Benedict Cup"]
[Site "Cala Galdana"]
[Date "1974.05.10"]
[Round "6.1"]
[White "Larsen, Bent "]
[Black "Dueckstein, Andreas "]
[Result "1-0"]
[WhiteElo "2630"]
[BlackElo "2410"]
[PlyCount "53"]
[EventDate "1974.05.03"]
[EventType "team-tourn"]
[EventRounds "7"]
[EventCountry "ESP"]
[WhiteTeam "Danmark"]
[BlackTeam "strig"]
[WhiteTeamCountry "DEN"]
[BlackTeamCountry "AUT"]

1. c4 e5 2. Nc3 Nf6 3. Nf3 Nc6 4. g3 d5 5. cxd5 Nxd5 6. Bg2 Be6 7. O-O Be7 8.
d4 exd4 9. Nb5 Qd7 10. Nfxd4 Nxd4 11. Nxd4 Bh3 12. e4 Bxg2 13. Kxg2 Nb6 14. Nf5
Bf6 15. Qc2 g6 16. Nh6 O-O-O 17. Bf4 Rhe8 18. Rac1 c6 19. b4 Be5 20. Rfd1 Qc7
21. Rxd8+ Kxd8 22. Bxe5 Rxe5 23. Qc3 Ke7 24. Qf3 Ke8 25. Rd1 Qe7 26. Qf4 Kf8
27. Rd8+ 1-0

[Event "21st Clare Benedict Cup"]
[Site "Cala Galdana"]
[Date "1974.05.11"]
[Round "7.2"]
[White "Hamann, Svend "]
[Black "Lombard, Andre "]
[Result "0-1"]
[WhiteElo "2490"]
[BlackElo "2410"]
[PlyCount "52"]
[EventDate "1974.05.03"]
[EventType "team-tourn"]
[EventRounds "7"]
[EventCountry "ESP"]
[WhiteTeam "Danmark"]
[BlackTeam "Schweiz"]
[WhiteTeamCountry "DEN"]
[BlackTeamCountry "SUI"]

1. e4 e5 2. Nf3 Nc6 3. Bb5 Nf6 4. O-O Nxe4 5. d4 Be7 6. d5 Nd6 7. Be2 e4 8.
dxc6 exf3 9. cxb7 Bxb7 10. Bxf3 Rb8 11. Nc3 O-O 12. Nd5 Re8 13. Qd3 Bf6 14. Rb1
Be5 15. b3 g6 16. c4 Nf5 17. g3 c6 18. Ne3 Nd4 19. Bg2 Ba6 20. Ng4 Bg7 21. Bb2
Qb6 22. Rfd1 d5 23. Rd2 dxc4 24. bxc4 Red8 25. Rbd1 Ne6 26. Qb3 Qxb3 0-1

[Event "21st Clare Benedict Cup"]
[Site "Cala Galdana"]
[Date "1974.05.11"]
[Round "7.1"]
[White "Hug, Werner"]
[Black "Larsen, Bent "]
[Result "1/2-1/2"]
[WhiteElo "2425"]
[BlackElo "2630"]
[PlyCount "110"]
[EventDate "1974.05.03"]
[EventType "team-tourn"]
[EventRounds "7"]
[EventCountry "ESP"]
[WhiteTeam "Schweiz"]
[BlackTeam "Danmark"]
[WhiteTeamCountry "SUI"]
[BlackTeamCountry "DEN"]

1. e4 e6 2. d4 c5 3. c3 d5 4. e5 Qb6 5. Nf3 Bd7 6. Be2 cxd4 7. cxd4 Bb4+ 8. Bd2
Ne7 9. Bxb4 Qxb4+ 10. Qd2 Nbc6 11. Nc3 Na5 12. Nb5 Qxd2+ 13. Kxd2 O-O 14. b3 f6
15. exf6 gxf6 16. Rhe1 a6 17. Nc3 Kf7 18. g3 b6 19. Bd3 h6 20. Ne2 Nac6 21. Nf4
Nb4 22. Bb1 Rfc8 23. Re3 Rc7 24. a3 Nbc6 25. Ra2 Na7 26. h4 Nb5 27. h5 Rc6 28.
Bd3 Rac8 29. Ne2 R8c7 30. Bxb5 axb5 31. Rc3 Rxc3 32. Nxc3 Rc8 33. Ra1 Ra8 34.
Ra2 Rg8 35. Rc2 Nf5 36. a4 bxa4 37. Nxa4 Rb8 38. Rc7 Ke8 39. Ra7 Nd6 40. Nc3
Nc8 41. Ra1 Ke7 42. Ne1 Kd6 43. Nd3 Ne7 44. Ra6 Nf5 45. Ne2 e5 46. Ra7 Bb5 47.
g4 Bxd3 48. Kxd3 e4+ 49. Kd2 Ne7 50. Ng3 Rg8 51. Rb7 Rxg4 52. Rxb6+ Nc6 53.
Nf5+ Kc7 54. Rb5 Rg5 55. Rxd5 Nxd4 1/2-1/2